000
00253nam a22001097a 4500
008
170113b xxu||||| |||| 00| 0 eng d
020
_a
9780323039376
041
_a
eng
080
_2
6TH
_a
618.2
245
_a
BASIC NURSING
_c
POTTER & PERRY
942
_2
udc
_c
BK
999
_c
2842
_d
2842